000 01042na a2200301 4500
001 19546
003 MIRAKIL
005 20181213155133.0
008 170112b tu 000 0
020 _a9786054030330
035 _a19546
040 _aMilas
_btur
_cTR-AnCHP
041 _atur
082 _a327.09561
_bC85 2010
090 _a327.09561 C85 2010
245 _aCumhurbaşkanı sayın Abdullah Gül'ün Uşak Binası açılış töreninde yaptıkları konuşma
_b"Yeni dönemde Türk dış politikası"
260 _aAnkara
_bUSAK
_c2010
300 _a56 s.
_bres.
_c24 sm.
440 _aUSAK konuşmaları serisi
_n2
490 _aUSAK yayınları
_v 41
500 _aEser Türkçe - İngilizce karşılıklıdır
504 _aDizin var
600 _aGül, Abdullah
_xSiyasal ve sosyal görüşler
600 _aGül, Abdullah
_cCumhurbaşkanı
_xSöylev ve demeçler
651 _aTürkiye
_xUluslararası ilişkiler
_yKonuşmalar
810 _aUluslararası Stratejik Araştırmalar Kurumu (USAK)
942 _2dcc
_cBKS
999 _c7274
_d7274